H.R. 5715, Government Patent Policy Act of 1980 : (Record no. 596108)

MARC details
000 -LEADER
fixed length control field 01252namaa2200301 a 4500
001 - CONTROL NUMBER
control field vtls001305312
003 - CONTROL NUMBER IDENTIFIER
control field NLI
005 - DATE AND TIME OF LATEST TRANSACTION
control field 20210627043900.0
008 - FIXED-LENGTH DATA ELEMENTS--GENERAL INFORMATION
fixed length control field 120418s1980 dcu b i000 0 eng
039 #9 - LEVEL OF BIBLIOGRAPHIC CONTROL AND CODING DETAIL [OBSOLETE]
-- 201204181937
-- VLOAD
040 0# - CATALOGING SOURCE
Original cataloging agency NLI
Transcribing agency VTLS-2012_FOD
Description conventions AACR2
041 0# - LANGUAGE CODE
Language code of text/sound track or separate title eng
044 ## - COUNTRY OF PUBLISHING/PRODUCING ENTITY CODE
MARC country code dcu
082 04 - DEWEY DECIMAL CLASSIFICATION NUMBER
Classification number 346.730486
110 1# - MAIN ENTRY--CORPORATE NAME
Corporate name or jurisdiction name as entry element United States.
Subordinate unit Congress.
-- House.
-- Committee on Science and Technology.
-- Subcommittee on Science, Research, and Technology
9 (RLIN) 709688
245 10 - TITLE STATEMENT
Title H.R. 5715, Government Patent Policy Act of 1980 :
Remainder of title hearing before the Subcommittee on Science, Research, and Technology of the Committee on Science and Technology, U.S. House of Representatives, Ninety-sixth Congress, second session, February 8, 1980
260 ## - PUBLICATION, DISTRIBUTION, ETC.
Place of publication, distribution, etc. Washington, D.C. :
Name of publisher, distributor, etc. United States Government Printing Office,
Date of publication, distribution, etc. 1980
300 ## - PHYSICAL DESCRIPTION
Extent iii, 184 p. :
Other physical details graphs ;
Dimensions 23 cm.
500 ## - GENERAL NOTE
General note No. 139
504 ## - BIBLIOGRAPHY, ETC. NOTE
Bibliography, etc. note Includes bibliographical references
650 #0 - SUBJECT ADDED ENTRY--TOPICAL TERM
Topical term or geographic name entry element Patents and Government-developed inventions
Geographic subdivision United States
740 0# - ADDED ENTRY--UNCONTROLLED RELATED/ANALYTICAL TITLE
Uncontrolled related/analytical title Government Patent Policy Act of 1980
887 ## - NON-MARC INFORMATION FIELD
Content of non-MARC field
901 ## - LOCAL DATA ELEMENT A, LDA (RLIN)
a AD 155096
b 13.11.2010
902 ## - LOCAL DATA ELEMENT B, LDB (RLIN)
a U.S 346.730486 Un 3 g
949 ## - LOCAL PROCESSING INFORMATION (OCLC)
-- VIRTUAITEM
-- 10000
-- 100
6 ADX000155096ENG
942 ## - ADDED ENTRY ELEMENTS (KOHA)
Source of classification or shelving scheme Dewey Decimal Classification
Koha item type Books
Holdings
Withdrawn status Lost status Damaged status Not for loan Collection code Home library Current library Shelving location Date acquired Total Checkouts Full call number Barcode Date last seen Price effective from Koha item type
          National Library of India National Library of India       U.S 346.730486 Un 3 g ADX000155096ENG 27/06/2021 27/06/2021 Books
                                                                           
web counter

Copyright ©2020 The National Library of India, Govt. of India ↔ Hosted by NVLI, MOC ↔ Technology and Design by National Library of India, Ministry of Culture, Govt. of India